000 00507nam a2200217Ia 4500
003 OSt
005 20140314150643.0
008 140130s9999 xx 000 0 und d
020 _a0439300355
050 _aQL 638.9
_b.G383 2001
100 _aGibbons, Gail
245 _aSharks /
_cGail Gibbons.
260 _bScholastic,
_c2001.
_aNew York :
300 _a30 p. :
_bcol. ill. ;
_c20 cm.
440 _v1
521 _aG4
526 _c660
942 _cBK
_2lcc
999 _c40913
_d40913